00617nam a22001697a 450000500170000001000150001702000260003203500140005803700130007208200080008510000210009324501270011426000560024127000870029730000400038470000230042420221007145512.0 aENG-135339 a9789381714911c250.00 aEN-118871 bDBAD/PUB a330 aSinebare, Musawe aPNG vision 2050:ba crituque for the development of papua new guinea/cby Musawe sinebare; forwarded by Manasupe Zurenuoc aNew DelhibScientific international pvt. ltd.c2014 a4850/24, ansari road, daryaganjbnew delhie110002k011-23287580mexpo@siplind.com a189p.c21cm(pbk)bRefeences & index aZurenuoc, Manasupe